书目信息 |
| 题名: |
低阶煤分质利用
|
|
| 作者: | 尚建选 著 | |
| 分册: | ||
| 出版信息: | 北京 化学工业出版社 2021.4 |
|
| 页数: | 328页 | |
| 开本: | 24cm | |
| 丛书名: | ||
| 单 册: | ||
| 中图分类: | TQ536 | |
| 科图分类: | ||
| 主题词: | 煤--利用--研究 | |
| 电子资源: | ||
| ISBN: | 978-7-122-38331-0 | |
| 000 | 00896nam0 2200241 45 | |
| 001 | 012001001937 | |
| 005 | 20140912164730.0 | |
| 010 | @a978-7-122-38331-0@b精装@dCNY198.00 | |
| 100 | @a20210415d2021 em y0chiy0110 ea | |
| 101 | 0 | @achi |
| 102 | @aCN@b110000 | |
| 105 | @ay z 000yy | |
| 106 | @ar | |
| 200 | 1 | @a低阶煤分质利用@Adi jie mei fen zhi li yong@f尚建选等著 |
| 210 | @a北京@c化学工业出版社@d2021.4 | |
| 215 | @a328页@d24cm | |
| 300 | @a化学工业出版社出版基金资助出版 | |
| 330 | @a本书介绍了低阶煤特性及其分质利用的概念与发展现状,重点阐述了分质利用龙头技术中低温热解以及三相热解产物中低温煤焦油、热解气、热解半焦的分质利用技术的原理、关键技术及发展方向,并对分质利用过程中的环境保护技术和系统集成方案进行了探讨。 | |
| 606 | 0 | @a煤@x利用@x研究 |
| 690 | @aTQ536@v5 | |
| 701 | 0 | @a尚建选@Ashang jian xuan@4著 |
| 801 | 0 | @aCN@bBJSDL@c20211011 |
| 905 | @b1337801-4@dTQ536@e101@f4 | |
| 低阶煤分质利用/尚建选等著.-北京:化学工业出版社,2021.4 |
| 328页;24cm |
| 化学工业出版社出版基金资助出版 |
| ISBN 978-7-122-38331-0(精装):CNY198.00 |
| 本书介绍了低阶煤特性及其分质利用的概念与发展现状,重点阐述了分质利用龙头技术中低温热解以及三相热解产物中低温煤焦油、热解气、热解半焦的分质利用技术的原理、关键技术及发展方向,并对分质利用过程中的环境保护技术和系统集成方案进行了探讨。 |
| ● |
| 相关链接 |
|
|
|
|
正题名:低阶煤分质利用
索取号:TQ536/101
 
预约/预借
| 序号 | 登录号 | 条形码 | 馆藏地/架位号 | 状态 | 备注 |
| 1 | 1337801 | 213378012 | 第二样本阅览室/ [索取号:TQ536/101] | 在馆 | |
| 2 | 1337802 | 213378021 | 第三借阅区/ [索取号:TQ536/101] | 在馆 | |
| 3 | 1337803 | 213378030 | 第三借阅区/ [索取号:TQ536/101] | 在馆 | |
| 4 | 1337804 | 213378049 | 第三借阅区/ [索取号:TQ536/101] | 在馆 |